Historia antigua universal: próximo Oriente y Egipto, 1er. cuatrimestre
Gardado en:
| Autor Principal: | |
|---|---|
| Formato: | Libro |
| Idioma: | Lingua castelá |
| Publicado: |
Madrid
Universidad Nacional de Educación a Distancia
2001
|
| Edición: | 3a. ed |
| Series: | Unidades Didácticas. Geografía e Historia
|
| Subjects: | |
| Tags: |
Engadir etiqueta
Sen Etiquetas, Sexa o primeiro en etiquetar este rexistro!
|
MARC
| LEADER | 00000nam a2200000 a 4500 | ||
|---|---|---|---|
| 001 | UCM5418 | ||
| 003 | CL-VaPUC | ||
| 008 | 021011e20011100SP |||||||||||||||||spa|d | ||
| 082 | 0 | 4 | |a 930 |b VAZ |2 21 |
| 100 | 0 | |a Vázquez Hoys, Ana María |e author |9 471628 | |
| 245 | 1 | 0 | |a Historia antigua universal: próximo Oriente y Egipto, 1er. cuatrimestre |
| 250 | |a 3a. ed | ||
| 300 | |a v | ||
| 942 | |c BK | ||
| 945 | |d 20021011 00:00:00 |a vberengu | ||
| 260 | |a Madrid |b Universidad Nacional de Educación a Distancia |c 2001 | ||
| 650 | 0 | |a Historia antigua |9 267521 | |
| 650 | 0 | |a Civilizaciones antiguas |9 265998 | |
| 583 | |a last modification |c 20021011 00:00:00 |k Rodrigo Vera | ||
| 490 | 0 | |a Unidades Didácticas. Geografía e Historia | |
| 999 | |c 301484 |d 301482 | ||
| 952 | |0 0 |1 0 |4 0 |6 930_000000000000000_VAZ_2001 |7 0 |8 A |9 360491 |a BIBHIS |b BIBHIS |d 2019-11-21 |h v.1t.1 |i 3844536 |o 930 VAZ 2001 |p 3844536 |r 2025-01-20 |w 2019-11-21 |y BK |k HIS | ||
| 952 | |0 0 |1 0 |4 0 |6 930_000000000000000_VAZ_2001 |7 0 |8 A |9 360492 |a BIBHIS |b BIBHIS |d 2019-11-21 |h v.1t.2 |i 3844544 |l 6 |m 5 |o 930 VAZ 2001 |p 3844544 |r 2025-01-20 |s 2024-11-18 |w 2019-11-21 |y BK |k HIS | ||